00861nam a2200241Ia 450000500170000000800410001702000180005808200160007610000280009224501220012025000220024230000390026453400490030365000190035265000370037165000240040870000340043226400300046633600270049633700330052333800280055604000350058420220317000049.0141031s2008 s a g 000 0 s  a978842613030304a530.8bW24h1 aWells, Robert E.d1927-10aHay algo más grande que una ballena azul?cescrito e ilustrado por Robert E. Wells ; traducido por Alejandra Devoto aTercera edición a29 páginasbilustracionesc18 cm t Is a blue whale the biggest thing there is?142LEMBaBallenas142LEMBaCosmografíaxEnseñanza142LEMBaSistema solar1 aDevoto, Alejandraetraductora aBarcelonabJuventudc2008 atextobtxt2rdacontent asin mediaciónbn2rdamedia avolumenbnc2rdacarrier aCO-BoRNBPbspaerdacCO-BoRNBP